| 000 | 00727nam a2200229 a 4500 | ||
|---|---|---|---|
| 001 | BRCA_7735 | ||
| 005 | 20190320205953.0 | ||
| 008 | 060913s1910----gw-e######---#000-0#ger-# | ||
| 041 | _ager | ||
| 044 | _agw | ||
| 050 | 4 |
_aN2232 _b.K35 1910 |
|
| 245 | 1 | 0 |
_aDas Kaiser Friedrich Museum _bführer durch die Koniglichen Museen zu Berlin _chrsg. von der Generalverwaltung. |
| 260 |
_aBerlín _bJ. Bard _c1910 |
||
| 300 |
_a518 p. _bil., 300 láminas, planos _c18 cm. |
||
| 440 | 0 |
_aFührer durch das Kaiser Friedrich Museum _919141 |
|
| 500 | _aU82 | ||
| 610 | 2 | 4 |
_aKaiser Friedrich - Museum (Berlín) _919142 |
| 650 | 1 | 4 |
_aArte _zBerlín _919143 |
| 650 | 1 | 4 |
_aGalerías y museos _zAlemania _95059 |
| 902 | _aGFM | ||
| 942 |
_2lcc _cB |
||
| 999 |
_c7409 _d7409 |
||